Ingreso al 3er. ciclo eegb-uns año 2004; matemática /
Guardado en:
| Autor Principal: | |
|---|---|
| Formato: | Libro |
| Publicado: |
Bah¡a Blanca :
Imprenta Uns,
2005
|
| Materias: | |
| Etiquetas: |
Agregar Etiqueta
Sin Etiquetas, Sea el primero en etiquetar este registro!
|
| LEADER | 00572nam a22001815a 4500 | ||
|---|---|---|---|
| 001 | CEM.cems011620 | ||
| 005 | 20060214000000.0 | ||
| 008 | 130507s2005##################000#0#####d | ||
| 003 | CEMS | ||
| 082 | 0 | 4 | |a F510 |
| 100 | 1 | |a Friedli, Beatríz Micaela, Selec. | |
| 245 | 1 | 0 | |a Ingreso al 3er. ciclo eegb-uns año 2004; matemática / |c Beatríz Micaela Friedli |
| 260 | |a Bah¡a Blanca : |b Imprenta Uns, |c 2005 | ||
| 300 | |a 69 p. | ||
| 653 | |a Matematica | ||
| 653 | |a Matematica-ingreso egb3 | ||
| 653 | |a Ingreso egb3-a¥o 2005 | ||
| 859 | |a CEMS |b BIB. CEMS - 11 de abril |h F510 |i 9 |p 2061.44 |t Ej.1 | ||
